000 00657nam a22001577a 4500
999 _c121173
_d121173
001 K121173
008 190716b2019 ||||| |||| 00| 0 eng d
110 _92779
_aBank of England
245 _aBank of England Climate change
520 _aClimate change, and society’s response to it, present financial risks relevant to the Bank’s objectives. The Bank of England is carrying out ongoing work to assess and respond to climate-related financial risks
650 _aClimate change
650 _aValue the planet
650 _aRisk
690 _96238
_aEnvironment
856 _uhttps://www.bankofengland.co.uk/climate-change
_zView at bankofengland.co.uk